La guerra entre Francia y Alemania en 1870-1871 (Record no. 167010)

MARC details
000 -LEADER
campo de control de longitud fija 00783nam a2200181 i 4500
001 - NÚMERO DE CONTROL
campo de control 167010
003 - IDENTIFICADOR DE NÚMERO DE CONTROL
campo de control ES-MaACL
005 - FECHA Y HORA DE LA ÚLTIMA TRANSACCIÓN
campo de control 20230906213437.0
008 - DATOS DE LONGITUD FIJA--INFORMACIÓN GENERAL
campo de control de longitud fija 011003s1871 sp a |||| | spa d
040 ## - FUENTE DE CATALOGACIÓN
Centro catalogador/agencia de origen CCPB | B
Lengua de catalogación spa
Centro/agencia transcriptor CCPB | B
100 1# - ENTRADA PRINCIPAL--NOMBRE DE PERSONA
Nombre de persona Varona y Olarte, Cándido.
9 (RLIN) 133563
245 13 - MENCIÓN DEL TÍTULO
Título La guerra entre Francia y Alemania en 1870-1871
Resto del título : estudio militar /
Mención de responsabilidad, etc. por Cándido Varona y Olarte ; con un prólogo de Arturo Cotarelo.
260 ## - PUBLICACIÓN, DISTRIBUCIÓN, ETC.
Lugar de publicación, distribución, etc. Madrid :
Nombre del editor, distribuidor, etc. [s.n.],
Fecha de publicación, distribución, etc. 1871 (
Fabricante Establecimiento tipográfico de R. Vicente)
300 ## - DESCRIPCIÓN FÍSICA
Extensión 454 p. :
Otras características físicas il. ;
Dimensiones 19 cm.
650 #4 - PUNTO DE ACCESO ADICIONAL DE MATERIA--TÉRMINO DE MATERIA
Término de materia o nombre geográfico como elemento de entrada Guerra franco-prusiana, 1870-1871.
9 (RLIN) 136210
700 0# - ENTRADA AGREGADA--NOMBRE PERSONAL
Nombre de persona Cotarelo, Arturo.
9 (RLIN) 41165
852 ## - LOCALIZACIÓN
Ubicación ES-MaACL
Número de control de estantería D-2342
Nota libre -- Rust. deteriorada
-- -- Legado M. de la Fuente
Encuadernación -- Edic.: 155 p., [2] h. pleg. de mapas
Holdings
Estatus retirado Estado de pérdida Estado de daño No para préstamo Colección Biblioteca de origen Biblioteca actual Ubicación en estantería Fecha de adquisición Fuente de adquisición Total de préstamos Signatura topográfica completa Código de barras Visto por última vez Precio de reemplazo Tipo de ítem Koha
        Libros del s. XIX Biblioteca del Ateneo de Madrid Biblioteca del Ateneo de Madrid Sala Valle Inclán 17/01/2008     D-2342 901175191 23/02/2023 23/02/2023 Libro impreso antiguo